Trastornos del lenguaje, la palabra y la voz en el niño / (Record no. 89763)

MARC details
000 -LEADER
campo de control de longitud fija 00775nam a2200241 i 4500
001 - NÚMERO DE CONTROL
campo de control 89763
003 - IDENTIFICADOR DE NÚMERO DE CONTROL
campo de control ES-MaACL
005 - FECHA Y HORA DE LA ÚLTIMA TRANSACCIÓN
campo de control 20230906180250.0
007 - CAMPO FIJO DE DESCRIPCIÓN FÍSICA--INFORMACIÓN GENERAL
campo de control de longitud fija t|
008 - DATOS DE LONGITUD FIJA--INFORMACIÓN GENERAL
campo de control de longitud fija 050112s1986 sp ||||1| spa d
020 ## - NÚMERO INTERNACIONAL ESTÁNDAR DEL LIBRO
Número Internacional Estándar del Libro 84-311-0176-8
100 0# - ENTRADA PRINCIPAL--NOMBRE DE PERSONA
Nombre de persona Launay, Clément.
9 (RLIN) 70601
245 10 - MENCIÓN DEL TÍTULO
Título Trastornos del lenguaje, la palabra y la voz en el niño /
Mención de responsabilidad, etc. por Clément Launay y S. Borel-Maissony ; traducción y adaptación de Jorge Perelló.
250 ## - MENCION DE EDICION
Mención de edición 2ª ed., 2ª reimp.
260 ## - PUBLICACIÓN, DISTRIBUCIÓN, ETC.
Lugar de publicación, distribución, etc. Barcelona :
Nombre del editor, distribuidor, etc. Masson,
Fecha de publicación, distribución, etc. 1986.
300 ## - DESCRIPCIÓN FÍSICA
Extensión X, 406 p. :
Otras características físicas il. ;
Dimensiones 25 cm.
500 ## - NOTA GENERAL
Nota general Indice.
650 04 - PUNTO DE ACCESO ADICIONAL DE MATERIA--TÉRMINO DE MATERIA
Término de materia o nombre geográfico como elemento de entrada Lenguaje-
Subdivisión general Trastornos.
9 (RLIN) 14347
700 1# - ENTRADA AGREGADA--NOMBRE PERSONAL
Nombre de persona Borel-Maissony, S.
9 (RLIN) 30436
700 1# - ENTRADA AGREGADA--NOMBRE PERSONAL
Nombre de persona Perello, Jorge.
9 (RLIN) 199715
852 ## - LOCALIZACIÓN
Ubicación ES-MaACL
Número de control de estantería G-1540
Sublocalización o colección R.114374
Holdings
Estatus retirado Estado de pérdida Estado de daño No para préstamo Biblioteca de origen Biblioteca actual Ubicación en estantería Fecha de adquisición Fuente de adquisición Total de préstamos Signatura topográfica completa Código de barras Visto por última vez Precio de reemplazo Tipo de ítem Koha
        Biblioteca del Ateneo de Madrid Biblioteca del Ateneo de Madrid Depósito 2 17/01/2008     G-1540 1093745 23/02/2023 23/02/2023 Libro impreso